000 00371nam a2200133Ia 4500
008 230511s2009 xx 000 0 und d
041 _aeng
082 _a420
100 _aRatawade Rajaram S
245 _aLegal English: For the Students and Teachers of Law and Advocates
260 _aPune
_bHind Law House
_c2009
300 _a142
906 _aEnglish for law students
999 _c349161
_d349161